[Event "Berlin Spring op-B"]
[Site "Berlin"]
[Date "2014.05.03"]
[Round "6"]
[White "Ackermann, Richard"]
[Black "Scheck, Gero"]
[Result "0-1"]
[WhiteElo "1116"]
[BlackElo "1574"]
[PlyCount "96"]
[EventDate "2014.05.01"]
[EventType "swiss"]
[EventRounds "7"]
[EventCountry "GER"]
[SourceTitle "CBM 160 Extra"]
[Source "ChessBase"]
[SourceDate "2014.07.01"]
[SourceVersion "1"]
[SourceVersionDate "2014.07.01"]
[SourceQuality "1"]

1. e4 e5 2. Nf3 Nf6 3. Nxe5 d6 4. Nf3 Nxe4 5. d3 Nf6 6. Nc3 Bg4 7. Bf4 d5 8. Nb5 Na6 9. Qe2+ Be7 10. h3 Bxf3 11. gxf3 0-0 12. Rg1 Re8 13. 0-0-0 Bb4 14. Be5 Nh5 15. f4 Nxf4 16. Qg4 Ng6 17. Bh2 c6 18. Nd4 Bc5 19. Rg2 Qh4 20. c3 Bxd4 21. Qxd4 Qxd4 22. cxd4 Re6 23. Rg3 Rae8 24. Kc2 Rf6 25. Bg1 Nh4 26. Re3 Rxe3 27. fxe3 Nf3 28. Bg2 Nxg1 29. Rxg1 Rg6 30. Kd1 Nb4 31. a3 Nxd3 32. Kc2 Rxg2+ 33. Rxg2 Ne1+ 34. Kc3 Nxg2 35. Kd3 f5 36. Ke2 f4 37. Kf3 Nxe3 38. Kxf4 Nc4 39. b4 Nxa3 40. Ke5 Nc2 41. h4 Nxb4 42. Kd6 a5 43. Kc5 Kf7 44. h5 g6 45. hxg6+ hxg6 46. Kb6 a4 47. Ka5 a3 48. Kxb4 a2 0-1

[Event "Berlin Spring op-B"]
[Site "Berlin"]
[Date "2014.05.01"]
[Round "1"]
[White "Oelmann, Henry"]
[Black "Scheck, Gero"]
[Result "1-0"]
[WhiteElo "1946"]
[BlackElo "1574"]
[PlyCount "61"]
[EventDate "2014.05.01"]
[EventType "swiss"]
[EventRounds "7"]
[EventCountry "GER"]
[SourceTitle "CBM 160 Extra"]
[Source "ChessBase"]
[SourceDate "2014.07.01"]
[SourceVersion "1"]
[SourceVersionDate "2014.07.01"]
[SourceQuality "1"]

1. d4 Nf6 2. c4 e6 3. Nc3 Bb4 4. f3 d5 5. Bg5 h6 6. Bh4 c5 7. e3 Nc6 8. a3 Bxc3+ 9. bxc3 Qa5 10. Qd2 b6 11. Bxf6 gxf6 12. cxd5 Ne7 13. dxe6 fxe6 14. e4 Bb7 15. Bc4 Rd8 16. Bxe6 cxd4 17. cxd4 Qxd2+ 18. Kxd2 Rxd4+ 19. Ke3 Rd6 20. Bc4 a6 21. Ne2 Rc6 22. Rhc1 Rc5 23. Nf4 f5 24. Be6 Re5 25. Rc7 Bc6 26. Rc1 fxe4 27. R1xc6 exf3+ 28. Kxf3 Nxc6 29. Rxc6 Rh7 30. Rc8+ Ke7 31. Rc7+ 1-0

[Event "Berlin Lichtenberger op 9th"]
[Site "Berlin"]
[Date "2010.08.14"]
[Round "8"]
[White "Hesselbarth, Karlheinz"]
[Black "Scheck, Gero"]
[Result "1-0"]
[WhiteElo "1848"]
[BlackElo "1267"]
[PlyCount "83"]
[EventDate "2010.08.07"]
[EventType "swiss"]
[EventRounds "9"]
[EventCountry "GER"]
[SourceTitle "CBM 137 Extra"]
[Source "ChessBase"]
[SourceDate "2010.09.01"]
[SourceVersion "1"]
[SourceVersionDate "2010.09.01"]
[SourceQuality "1"]

1. d4 Nf6 2. c4 e6 3. Nc3 Bb4 4. e3 c5 5. Bd3 Nc6 6. Nf3 0-0 7. 0-0 b6 8. Qc2 Qc7 9. Rd1 Bb7 10. Nb5 Qb8 11. a3 Ba5 12. Rb1 a6 13. Nc3 cxd4 14. exd4 Bxc3 15. bxc3 Qc7 16. Bg5 Rfe8 17. Bxf6 gxf6 18. Bxh7+ Kf8 19. Qd2 Ke7 20. d5 exd5 21. cxd5 d6 22. dxc6 Bxc6 23. Qe3+ Kd8 24. Qxb6 Qxb6 25. Rxb6 Kc7 26. Rb4 Rh8 27. Be4 Bxe4 28. Rxe4 Rae8 29. Rxe8 Rxe8 30. Kf1 Kd7 31. Nd4 Rc8 32. Rd3 Rc4 33. g3 Ra4 34. Nc2 Ra5 35. h4 Kc6 36. Ke2 Kd7 37. Kd2 Kc6 38. c4 Kd7 39. Kc3 Kc6 40. Rd5 Rxd5 41. cxd5+ Kxd5 42. h5 1-0

[Event "Berlin Lichtenberger op 9th"]
[Site "Berlin"]
[Date "2010.08.07"]
[Round "1"]
[White "Scheck, Gero"]
[Black "Neumaier, Hubert"]
[Result "0-1"]
[WhiteElo "1267"]
[BlackElo "1858"]
[PlyCount "86"]
[EventDate "2010.08.07"]
[EventType "swiss"]
[EventRounds "9"]
[EventCountry "GER"]
[SourceTitle "CBM 137 Extra"]
[Source "ChessBase"]
[SourceDate "2010.09.01"]
[SourceVersion "1"]
[SourceVersionDate "2010.09.01"]
[SourceQuality "1"]

1. e4 d5 2. exd5 Qxd5 3. Nc3 Qd6 4. d4 Nf6 5. Nf3 a6 6. Bc4 e6 7. d5 b5 8. Bb3 c5 9. dxc6 Qxd1+ 10. Nxd1 Nxc6 11. 0-0 Bb7 12. Be3 Bd6 13. Nc3 0-0 14. Rad1 Bc7 15. a4 b4 16. Na2 a5 17. c3 Ba6 18. Rfe1 bxc3 19. Nxc3 Rab8 20. Nd2 Rfd8 21. Rc1 Nb4 22. Bc2 Bb6 23. Bxb6 Rxd2 24. Be3 Rxc2 25. Rxc2 Nxc2 26. Ba7 Rxb2 27. Rc1 h6 28. Nd1 Ra2 29. Nc3 Ra3 30. Nb5 Rxa4 31. Nc3 Ra3 32. Ne2 Bxe2 33. Bc5 Ra1 34. Rxa1 Nxa1 35. f3 Nc2 36. Kf2 Bc4 37. Kg3 a4 38. Kf4 Nd5+ 39. Ke4 Ndb4 40. Bxb4 Nxb4 41. Kd4 a3 42. Kc3 a2 43. Kb2 Nc2 0-1

[Event "Berlin op 08"]
[Site "Berlin"]
[Date "2005.09.24"]
[Round "6"]
[White "Schlesier, Tim"]
[Black "Scheck, Gero"]
[Result "1-0"]
[WhiteElo "892"]
[BlackElo "786"]
[PlyCount "47"]
[EventDate "2005.08.27"]
[EventType "swiss"]
[EventRounds "7"]
[EventCountry "GER"]
[SourceTitle "EXT 2007"]
[Source "ChessBase"]
[SourceDate "2006.11.23"]
[SourceVersion "1"]
[SourceVersionDate "2006.11.23"]
[SourceQuality "1"]

1. e4 e5 2. Nf3 Nc6 3. Bb5 Nf6 4. Nc3 Bb4 5. d3 Nd4 6. Bc4 c6 7. 0-0 d5 8. exd5 cxd5 9. Bb3 Nc6 10. Bd2 0-0 11. Ba4 Bg4 12. Bxc6 bxc6 13. Qc1 Qe8 14. Bg5 Bxf3 15. gxf3 Nd7 16. Kh1 d4 17. Ne4 Nc5 18. Rg1 Qe6 19. Bh6 Qh3 20. Qg5 Qxf3+ 21. Rg2 Ne6 22. Nf6+ Kh8 23. Bxg7+ Nxg7 24. Qxg7# 1-0